000 00773nam a2200241 a 4500
001 BRL_1343
005 20190320211146.0
008 150114s1978----mx-aob####---#000-0#eng-#
041 _aeng
044 _amx
050 4 _aGT4814
_b.F54 1978
245 1 0 _aFiestas in Mexico
_bcomplete guide to celebrations throughout the country
_cphotographs by Ruth D. Lechuga.
260 _aMéxico
_bEdiciones Lara
_c1978
300 _a198 p.
_bil., fotografías, mapas
_c20 cm.
500 _aAu1759
500 _aEstado físico: Hojas desprendidas
650 1 4 _aFestivales
_zMéxico
_926585
650 1 4 _aDías festivos
_zMéxico
_926586
651 4 _aMéxico
_xVida social y costumbres
_9769
700 1 _aLechuga, Ruth D.
_d1920-2004
_eil.
_92443
902 _aGRL
942 _2lcc
_cB
999 _c10155
_d10155